| 000 | 00422 a2200121 4500 | ||
|---|---|---|---|
| 001 | 92357 | ||
| 082 | _aPR 2557 | ||
| 090 |
_c44326 _d44327 |
||
| 100 | _aSumsan, Prof Sohail and Dr. Ibraheem Hanif (Advisors) | ||
| 245 |
_a Recover of WFC - 1G RIG for the Provision of Fuel and Oil Pressures of WP -13 Engine Installed on the F7-PG Aircraft _n79 'A' EC |
||
| 260 |
_aIslamabad _bNUST _c2015 |
||
| 300 | _axiii,77p. | ||
| 942 |
_aCAE NUST _kPR 2557 |
||
| 999 |
_c327430 _d327430 |
||